000 00589nam a22001577a 4500
003 macl
005 20171025125416.0
008 171025b xxu||||| |||| 00| 0 eng d
040 _cmacl
082 _a004
100 _aडॉ. मो. मजीद मिया
_969327
245 _aहिन्‍दी भाषा कम्‍प्‍यूटरी प्रयोग एवं समस्‍याएॅ
260 _aदिल्‍ली
_bज्ञान गीता प्रकाशन
_c2016
650 _aभाषा विज्ञान
_950429
942 _2ddc
_cHIN
999 _c57091
_d57091